Žurnalistika píše dejiny prítomnosti Peter Štrelinger sa zhovára s Romanom Kaliským

Bibliographic Details
Main Author: Kaliský, Roman, 1922-2015 (Author)
Other Authors: Štrelinger, Peter, 1946- (Interviewer)
Format: Article
Language:Slovak
PhysicalDescription:Fotogr.
ISSN:1335-180X
Subjects:

MARC

LEADER 00000nab a2200000 a 4500
001 vtls000656345
003 SK-MaSNL
005 20260304091732.0
008 250425c1998 xo 0 slo
015 |a SNBRA1998/04-10072 
035 |a CLN000008537 
035 |a urn:nbn:sk:snk-ab7e93 
035 |a (uuid)ba6265bb-779d-475a-8958-8e82b751c7c4 
035 |a (urnnbn)urn:nbn:sk:snk:ar-a07wqo 
035 |a (sysno)vtls000656345 
040 |a SNKBUCL  |b slo  |c SNKBUCL  |e AACR2 
041 0 |a slo 
044 |a xo  |c SK 
080 |a 07-051  |2 1997 
100 1 |a Štrelinger, Peter,  |d 1946-  |4 ivr  |9 90824 
245 1 0 |a Žurnalistika píše dejiny prítomnosti  |b Peter Štrelinger sa zhovára s Romanom Kaliským 
300 |b Fotogr. 
600 1 7 |a Kaliský, Roman,  |d 1922-2015  |2 snkbucl  |9 229859 
655 7 |a články z novín a časopisov  |2 snkbucl  |9 267496 
700 1 |a Kaliský, Roman,  |d 1922-2015  |4 aut  |9 229859 
773 0 |t Literika  |g Roč. 3, č. 1 (1998), s. 44-47  |x 1335-180X 
850 |a Slovenská národná knižnica 
852 |a Slovenská národná knižnica 
954 |a odborná, vedecká literatúra pôvodná (slovenská)  |2 lita 
958 |a article27 
958 |a SK 
958 |a OND 
958 |a EUIPO 
999 |c 2816642  |d 2818572